00843 2200205 4500001002100000005001700021008004100038035002500079082001000104090002000114100001400134245019500148260008000343300004500423500008100468500003300549650002500582850001200607990001800619YOGYA-0209000007204620150430103644.0 ind  a0010-020900000072046 a305.4 aSK 305.4bMub P aMUBASSYIR aProduktivitas kerja dan komunikasi, hubungannya terhadap konsumeritas pekerja pada industri genteng di desa madurejo Kecamata Prambanan Kabupaten Sleman daerah Istimewa YogyakartacMubassyir aYogyakartabFak. Ilmu Sosial dan ilmu Politik Universitas Gadjah Madac1994 axviii, 149, 29 lembar :bilus. ;c28 cm. aSkripsi Fak. Ilmu Sosial dan ilmu Politik Universitas Gadjah Mada Yogyakarta aBibliografi : lembar 147-149 aWanita dalam Profesi aYOPDYOG a35930-PD/A.08